<Les> Partenariats industriels franco-slovaques. Mutation qualitative dans le domaine des relations interfirmes
Gespeichert in:
| 1. Verfasser: | |
|---|---|
| Weitere Verfasser: | |
| Format: | Buchkapitel |
| Sprache: | Französisch |
| Tags: |
Keine Tags, Fügen Sie das erste Tag hinzu!
|
MARC
| LEADER | 00000naa$a2200000$$$4500 | ||
|---|---|---|---|
| 001 | 0146802 | ||
| 005 | 20240502083338.8 | ||
| 041 | 0 | |a fre | |
| 044 | |a PT | ||
| 245 | 1 | 0 | |a <Les> Partenariats industriels franco-slovaques. Mutation qualitative dans le domaine des relations interfirmes |c Jaroslav Kita, Ferdinand Daňo |
| 100 | 1 | |a Kita, Jaroslav | |
| 700 | 1 | |a Daňo, Ferdinand, 1959- | |